| 000 | 03251nam a22003613i 4500 | ||
|---|---|---|---|
| 001 | EBC7024057 | ||
| 003 | MiAaPQ | ||
| 005 | 20220711195032.0 | ||
| 007 | cr cnu|||||||| | ||
| 008 | 220711s2022 xx o ||||0 ger d | ||
| 020 |
_a9783835349254 _q(electronic bk.) |
||
| 020 | _z9783835352650 | ||
| 040 |
_aMiAaPQ _beng _cMiAaPQ |
||
| 100 | 1 |
_aStange, Irina. _98258 |
|
| 245 | 1 | 0 |
_aHans Ritter von Lex : _bein Leben für den Staat. _cIrina Stange |
| 250 | _a1st ed. | ||
| 264 | 1 |
_aGöttingen : _bWallstein Verlag, _c2022. |
|
| 264 | 4 | _c{copy}2022. | |
| 300 | _a1 online resource (657 pages) | ||
| 336 |
_aText _btxt _2rdacontent |
||
| 337 |
_aComputermedien _bc _2rdamedia |
||
| 338 |
_aOnline Resource _bcr _2rdacarrier |
||
| 490 | 1 |
_aVeröffentlichung zur Geschichte der deutschen Innenministerien nach 1945 ; _vv.6 |
|
| 500 | _aE-Book-ProQuest / Fernzugriff nach Registrierung möglich | ||
| 505 | 0 | _aUmschlag -- Titel -- Impressum -- Inhalt -- I. Einleitung -- II. Erste Prägungen (1893-1918) -- 1. Rosenheimer Jahre -- 2. Frühe Weichenstellungen - Das Münchner Studentenleben -- 3. Die Verteidigung des »Vaterlandes« im Ersten Weltkrieg -- 3.1 Stationen des Krieges -- 3.2 Kriegsalltag und der »Kampf für das Vaterland« -- 3.3 Kriegsende und Rückkehr -- III. Für den Staat - Der Staatsdiener in Politik und Verwaltung (1918-1933) -- 1. Stabilität in Zeiten des Umbruchs - Berufseinstieg und Bürgerwehr -- 1.1 Der höhere Beamte - Berufseinstieg und Selbstverständnis -- 1.2 »Staatsschutz« in der Rosenheimer Bürgerwehr -- 2. Politik und Verwaltung -- 2.1 In der Bayerischen Volkspartei -- 2.2 Der bayerische Beamte - In der Kultur- und Kommunalverwaltung -- 3. Das Ende der Weimarer Demokratie - Die 1930er Jahre -- 3.1 Im Dienste Bayerns - Der Bayernwacht-Führer -- 3.2 Machtwechsel in Bayern - Verhandlungen mit Hitler -- IV. Ein unpolitischer Reichsministerialbeamter? Verwaltung im Nationalsozialismus (1933-1945) -- 1. Sport im Dienst des Nationalsozialismus -- 2. Olympia 1936 -- 3. Zwischen Nähe und Distanz -- 4. Nach Olympia - Sport und Sachschäden im Krieg -- V. Nach dem großen Bruch - Kontinuitäten ohne Kontinuität (1945-1960) -- 1. Zurück nach Bayern -- 1.1 Internierung und Nachkrieg -- 1.2 Politik und Wiederaufbau -- 1.3 Rückkehr in die bayerische Verwaltung -- 1.4 Die Bundesverwaltung entsteht -- 2. Das Bundesinnenministerium - Für eine stabile Demokratie -- 2.1 Unter drei Ministern -- 2.2 Der Staatssekretär -- 2.3 Schnelle Leistung erbringen - Die Personalpolitik der 1950er Jahre -- 2.4 Sicherheit im Dienst der Stabilität - Institutionen und Maßnahmen -- 2.5 Bildung und Jugendpolitik für die Sicherheit des Staates -- VI. Ausblick -- VII. Fazit -- Quellen- und Literaturverzeichnis -- Abbildungsverzeichnis. | |
| 600 | 1 |
_aLex, Hans Ritter von _98262 |
|
| 655 | 4 | _aElectronic books. | |
| 655 |
_aFernzugriff _9230 |
||
| 776 | 0 | 8 |
_iPrint version: _aStange, Irina _tHans Ritter von Lex _dGöttingen : Wallstein Verlag,c2022 _z9783835352650 |
| 830 | 0 |
_aVeröffentlichung zur Geschichte der deutschen Innenministerien nach 1945 _98259 |
|
| 856 | 4 | 0 |
_uhttps://ebookcentral.proquest.com/lib/maxweberstiftung-ebooks/detail.action?docID=7024057 _zVolltext |
| 942 |
_cEB _2z |
||
| 999 |
_c60404 _d60404 |
||